China : Emerging world power
Uloženo v:
| Hlavní autor: | |
|---|---|
| Médium: | Kniha |
| Jazyk: | Undetermined |
| Vydáno: |
Princeton
Van Nostrand
1967
|
| Témata: | |
| Tagy: |
Přidat tag
Žádné tagy, Buďte první, kdo otaguje tento záznam!
|
| Thư viện lưu trữ: | Trung tâm Học liệu Trường Đại học Cần Thơ |
|---|
| LEADER | 00518nam a2200205Ia 4500 | ||
|---|---|---|---|
| 001 | CTU_89925 | ||
| 008 | 210402s9999 xx 000 0 und d | ||
| 082 | |a 330.951 | ||
| 082 | |b P497 | ||
| 100 | |a Petrov, V. P. | ||
| 245 | 0 | |a China : | |
| 245 | 0 | |b Emerging world power | |
| 245 | 0 | |c Victor P. Petrov | |
| 260 | |a Princeton | ||
| 260 | |b Van Nostrand | ||
| 260 | |c 1967 | ||
| 650 | |a Economic conditions | ||
| 650 | |z China | ||
| 904 | |i Bằng,Hải | ||
| 980 | |a Trung tâm Học liệu Trường Đại học Cần Thơ | ||